Statistics for Complete the Beatles Lyrics

Click here to take the quiz!

General Stats

  • This quiz has been taken 785 times
    (761 since last reset)
  • The average score is 6 of 13

Answer Stats

HintAnswer% Correct
Take a sad song...and make it better
98%
You say yes...I say no
91%
Take these broken wings..and learn to fly
78%
There will be an answer...let it be
77%
Words are flowing out like...endless rain into a paper cup
47%
And the eyes in his head...see the world spinning round
39%
Waits at the window wearing...a face that she keeps in a jar by the door
28%
Standing by a parking meter when...I caught a glimpse of Rita
26%
She would never be free...when I was around
24%
With every mistake we must...surely be learning
20%
I wonder should I call you but...I know what you would do
15%
All day long I'm sitting singing...songs for everyone
15%
You could find better things to do...than to break my heart again
7%

Score Distribution

Percentile by Number Answered

Percent of People with Each Score

Your Score History

You have not taken this quiz since the last reset